000 00584nam a22001937a 4500
005 20150624124724.0
010 _aENG-113078
020 _a9789351434214
_c695.00
035 _aEN-96610
037 _bDBAD/PUB
082 _a336.294
100 _aVasan, M.S.
245 _aDirect taxes ready reckoner 2015-2016 /
_cby M.S. Vasan
250 _a27th ed
260 _bLexisNexis
_c2015
_aGurgon
270 _bGurgaon
_e122002
_a14th Floor Building No.10, Tower-B, DLF Cyber City, Phase-II,
300 _axlvi,654p.
_c24cm(pbk)
942 _2ddc
_cEN
_mVAS
_h336.294
999 _c93737
_d93737